00393nam a2200133Ia 4500003000400000005001700004008004100021040001800062041000800080100005100088110002200139245007800161260002000239OSt20230525145521.0211028s2018 xx 000 0 und d cAIMIT LIBRARY aeng aSharath, Namratha; Shetty, Annapoorna.e161922 aAnnapoorna Shetty aBuilding data analytics tool for business and IT performance Improvement. aMangaluruc2018